| 000 | 00442cam a2200181ua 4500 | ||
|---|---|---|---|
| 020 |
_a81-219-0427-7 _c70.00 |
||
| 041 |
_aeng _h |
||
| 082 |
_a658.8 _bPIL/MA |
||
| 100 | _aPillai, R S N . | ||
| 245 |
_aMarketing / _cR S N Pillai. _hTextual Documents |
||
| 260 |
_aNew Delhi : _bS.Chand and Co , _c1996. |
||
| 300 | _a478 ; . | ||
| 365 | _a70.00 | ||
| 504 | _a | ||
| 700 | 1 | _aBagavathi, . | |
| 942 | _cBK | ||
| 999 |
_c10794 _d10794 |
||